000 00550nam a22001817a 4500
999 _c188787
_d188787
005 20220603120536.0
010 _aENG-132982
020 _c99.00
035 _aEN-116514
037 _bDBAD/PUB
082 _a480
100 _aSatyanarayana, P.
245 _aLanguage And Communicative Skills/
_cP. Satyanarayana
260 _aMachilipatnam
_bD. Surya Kumari
_c2013
270 _aM.I.G. 143, A.P.H.B. Colony,
_bMachilipatnam
_e521001
_mduvvuripublications@gmail.com
300 _a223p.
_c21cm(pbk)
942 _2ddc
_cEN
_mSAT
_h480